<?xml version="1.0" encoding="UTF-8"?>
<record
    xmlns:xsi="http://www.w3.org/2001/XMLSchema-instance"
    xsi:schemaLocation="http://www.loc.gov/MARC21/slim http://www.loc.gov/standards/marcxml/schema/MARC21slim.xsd"
    xmlns="http://www.loc.gov/MARC21/slim">

  <leader>01989njm a2200385Ia 4500</leader>
  <controlfield tag="001">83674</controlfield>
  <controlfield tag="003">IT-RoPAU</controlfield>
  <controlfield tag="005">20220918181119.0</controlfield>
  <controlfield tag="008">131025s9999    xx            000 0 und d</controlfield>
  <datafield tag="040" ind1=" " ind2=" ">
    <subfield code="a">IT-RoPAU</subfield>
  </datafield>
  <datafield tag="040" ind1=" " ind2=" ">
    <subfield code="c">IT-RoPAU</subfield>
  </datafield>
  <datafield tag="999" ind1=" " ind2=" ">
    <subfield code="c">99632</subfield>
    <subfield code="d">99632</subfield>
  </datafield>
  <datafield tag="999" ind1=" " ind2=" ">
    <subfield code="b">n.d.</subfield>
  </datafield>
  <datafield tag="100" ind1=" " ind2=" ">
    <subfield code="a">AA.VV.</subfield>
    <subfield code="9">794</subfield>
  </datafield>
  <datafield tag="100" ind1=" " ind2=" ">
    <subfield code="e">Autore musica</subfield>
    <subfield code="9">26392</subfield>
  </datafield>
  <datafield tag="100" ind1=" " ind2=" ">
    <subfield code="g">Codice autore musica SPICS: 12000</subfield>
    <subfield code="9">796</subfield>
  </datafield>
  <datafield tag="245" ind1=" " ind2=" ">
    <subfield code="a">World Beat</subfield>
  </datafield>
  <datafield tag="250" ind1=" " ind2=" ">
    <subfield code="a">1a ed.</subfield>
  </datafield>
  <datafield tag="260" ind1=" " ind2=" ">
    <subfield code="a">HOLLAND</subfield>
  </datafield>
  <datafield tag="260" ind1=" " ind2=" ">
    <subfield code="b">CBS</subfield>
    <subfield code="c">1989 [1a Ed.:1989 - Ed. Lingua Orig.: 1989]</subfield>
  </datafield>
  <datafield tag="300" ind1=" " ind2=" ">
    <subfield code="a">DISCO</subfield>
  </datafield>
  <datafield tag="300" ind1=" " ind2=" ">
    <subfield code="c">42 minuti (Testo: 0 pag.)</subfield>
  </datafield>
  <datafield tag="500" ind1=" " ind2=" ">
    <subfield code="a">Musica strumentale</subfield>
  </datafield>
  <datafield tag="505" ind1=" " ind2=" ">
    <subfield code="a">Lambada (4:00) - Lambareggae (4:00) - Dancando lambada (5:00) - Lambamor (5:00) - Lamba caribe (5:00) - Melodie d'amour (5:00) - Salsa nuestra (5:00) - Sindiang (4:00) - Sopenala (5:00) - Jamb&#xE9; finete [(Grille) (5:00)]</subfield>
  </datafield>
  <datafield tag="650" ind1=" " ind2=" ">
    <subfield code="a">STRUMENTALE [DISCHI]</subfield>
    <subfield code="e">Codice MATERIA SPICS: 9950</subfield>
    <subfield code="9">828</subfield>
  </datafield>
  <datafield tag="700" ind1=" " ind2=" ">
    <subfield code="a">Kaoma </subfield>
    <subfield code="g">Codice interprete SPICS: 29515</subfield>
    <subfield code="e">Interprete</subfield>
    <subfield code="9">26393</subfield>
  </datafield>
  <datafield tag="700" ind1=" " ind2=" ">
    <subfield code="a">De Oliveira C.</subfield>
    <subfield code="g">Codice autore testo/musica SPICS: 29516</subfield>
    <subfield code="e">Autore testo/musica</subfield>
    <subfield code="p">Lambada</subfield>
    <subfield code="9">26394</subfield>
  </datafield>
  <datafield tag="700" ind1=" " ind2=" ">
    <subfield code="a">Orlando J.</subfield>
    <subfield code="g">Codice autore testo/musica SPICS: 29517</subfield>
    <subfield code="e">Autore testo/musica</subfield>
    <subfield code="p">Lambareggae</subfield>
    <subfield code="9">26395</subfield>
  </datafield>
  <datafield tag="700" ind1=" " ind2=" ">
    <subfield code="a">Z&#xE8; Maria</subfield>
    <subfield code="g">Codice autore testo/musica SPICS: 29518</subfield>
    <subfield code="e">Autore testo/musica</subfield>
    <subfield code="p">Dancando lambada</subfield>
    <subfield code="9">26396</subfield>
  </datafield>
  <datafield tag="700" ind1=" " ind2=" ">
    <subfield code="a">Braz L.</subfield>
    <subfield code="g">Codice autore musica SPICS: 29519</subfield>
    <subfield code="e">Autore musica</subfield>
    <subfield code="p">Lambamor - Lamba caribe - Melodie d'amour - Salsa nuestra</subfield>
    <subfield code="9">26397</subfield>
  </datafield>
  <datafield tag="700" ind1=" " ind2=" ">
    <subfield code="a">Arconte J.</subfield>
    <subfield code="g">Codice autore testo/musica SPICS: 29520</subfield>
    <subfield code="e">Autore testo/musica</subfield>
    <subfield code="p">Lambamor - Jamb&#xE9; finete (Grille)</subfield>
    <subfield code="9">26398</subfield>
  </datafield>
  <datafield tag="700" ind1=" " ind2=" ">
    <subfield code="a">Bonaventure Jc.</subfield>
    <subfield code="g">Codice autore testo/musica SPICS: 29521</subfield>
    <subfield code="e">Autore testo/musica</subfield>
    <subfield code="p">Lamba caribe - Melodie d'amour - Salsa nuestra - Sindiang - Sopenala</subfield>
    <subfield code="9">26399</subfield>
  </datafield>
  <datafield tag="700" ind1=" " ind2=" ">
    <subfield code="a">Niang F.</subfield>
    <subfield code="g">Codice autore musica SPICS: 29522</subfield>
    <subfield code="e">Autore musica</subfield>
    <subfield code="p">Sindiang - Sopenala</subfield>
    <subfield code="9">26400</subfield>
  </datafield>
  <datafield tag="700" ind1=" " ind2=" ">
    <subfield code="a">Dru R.</subfield>
    <subfield code="g">Codice autore musica SPICS: 29523</subfield>
    <subfield code="e">Autore musica</subfield>
    <subfield code="p">Jamb&#xE9; finete (Grille)</subfield>
    <subfield code="9">26401</subfield>
  </datafield>
  <datafield tag="942" ind1=" " ind2=" ">
    <subfield code="c">MD</subfield>
    <subfield code="2">ddc</subfield>
  </datafield>
  <datafield tag="952" ind1=" " ind2=" ">
    <subfield code="0">0</subfield>
    <subfield code="1">0</subfield>
    <subfield code="4">0</subfield>
    <subfield code="6">83674_000000000000000</subfield>
    <subfield code="7">1</subfield>
    <subfield code="a">SPICS</subfield>
    <subfield code="b">SPICS</subfield>
    <subfield code="d">2013-10-25</subfield>
    <subfield code="l">0</subfield>
    <subfield code="o">83674</subfield>
    <subfield code="r">2013-10-25 00:00:00</subfield>
    <subfield code="w">2013-10-25</subfield>
    <subfield code="y">MD</subfield>
    <subfield code="z">Progr. Ins.: 21119 / N.Vol.: 1 / Copie: 1 - Copia rara: n.d. / date import: 01.01.2014 - By Epidotti, Trombetti, Vaglietti</subfield>
  </datafield>
</record>
